[Event "Lugano op"]
[Site "Lugano"]
[Date "1999.03.11"]
[Round "2"]
[White "Caruso, Augusto"]
[Black "Gheorghiu, Florin"]
[Result "0-1"]
[WhiteElo "2267"]
[BlackElo "2450"]

1.e4 c5 2.Nf3 e6 3.Nc3 a6 4.d4 cxd4 5.Nxd4 Qc7 6.Bd3 Nc6 7.Nxc6 dxc6 8.O-O Nf6
9.a4 e5 10.a5 Bb4 11.Bd2 Bxa5 12.Nd5 cxd5 13.Bxa5 b6 14.Bb4 Bb7 15.Qe2 Nxe4
16.Bxa6 Rxa6 17.Rxa6 Bxa6 18.Qxa6 Kd7 19.Rd1 Ke6 20.Qd3 Qc4 21.Qh3+ f5 22.c3 Qe2
23.Rf1 h5 24.f4 exf4 25.Rxf4 g6 26.Rf1 d4 27.cxd4 Qxb2 28.d5+ Kxd5 29.Rd1+ Ke6
30.Be1 Qc2 31.Ra1 Rd8 32.Qf3 Qc5+ 33.Kh1 Qc4 34.Bh4 Rd2 35.h3 Qd3 36.Re1 b5
37.Bg5 Rd1 38.Qxd1 Qxd1  0-1

[Event "Victor Ciocaltea Memorial"]
[Site "Bucharest"]
[Date "1999.03.12"]
[Round "9"]
[White "Iordachescu, Viorel"]
[Black "Ionescu, Constantin"]
[Result "1/2-1/2"]
[WhiteElo "2539"]
[BlackElo "2482"]

1.e4 c5 2.Nf3 e6 3.d4 cxd4 4.Nxd4 a6 5.Nc3 b5 6.Bd3 Bb7 7.O-O Nc6 8.Nxc6 Bxc6
9.Re1 Qb8 10.Qe2 Bd6 11.e5 Bc7 12.Bg5 Bxe5 13.Qxe5 Qxe5 14.Rxe5 f6 15.Rc5 fxg5
16.a4 b4 17.Na2 a5 18.Nc1 Bd5 19.c4 bxc3 20.bxc3 Nf6 21.c4 Be4 22.Rxg5 O-O
23.f3  1/2-1/2

[Event "DPMM sf Chemnitz-Porz"]
[Site "Bad Godesberg"]
[Date "1999.03.13"]
[Round "?.3"]
[White "Kyas, Juergen"]
[Black "Sokolov, Ivan"]
[Result "0-1"]
[WhiteElo "2260"]
[BlackElo "2610"]

1.e4 c5 2.Nf3 e6 3.d4 cxd4 4.Nxd4 a6 5.Nc3 d6 6.g3 b5 7.Bg2 Bb7 8.O-O Nf6
9.Re1 Qc8 10.Bg5 Be7 11.a4 bxa4 12.Rxa4 Nbd7 13.Nd5 exd5 14.exd5 Ne5 15.f4 Ng6
16.Bxf6 gxf6 17.Qh5 Ra7 18.b3 Ba8 19.Rc4 Qb8 20.Nf5 Kd8 21.Nd4 Rc7 22.Nc6+ Bxc6
23.dxc6 Qb5 24.Qd1 Kc8 25.Bd5 Rd8 26.Qd3 Bf8 27.Qd2 Ne7 28.Bxf7 Rxc6 29.Be6+ Kc7
30.Rxc6+ Qxc6 31.Qd3 f5 32.Ra1 Ra8 33.c4 Bg7 34.Rd1 Rb8 35.h4 Qc5+ 36.Kf1 a5
37.h5 h6 38.Re1 Bf6 39.Bf7 Nc6 40.Re6 Qd4 41.Qxd4 Bxd4 42.c5 dxc5 43.Rxh6 Rh8
44.Rxh8 Bxh8 45.Kg2 Bg7 46.g4 fxg4 47.Kg3 Nd4 48.Kxg4 Bh6 49.Bc4 Kd6 50.Kg3 Ke7
51.Kg4 Kf6 52.Kg3 Ne6 53.Kf3 Nxf4 54.Ke4 Nxh5 55.Kd5 Bf8 56.Kc6 Ng3 57.Kb5 Ne4
58.Kxa5 Nd2 59.Bg8 Ke5 60.Ka4 Kd4 61.Bf7 Kc3 62.Bg8 Kb2 63.Bf7 Nb1 64.Bg8 Nc3+
65.Ka5 Ka3 66.Bf7 Ne4 67.Bg8 Nd2 68.Kb5 Nxb3 69.Kc4 Ka4  0-1

[Event "Manhattan March Int"]
[Site "New York"]
[Date "1999.03.14"]
[Round "8"]
[White "Shahade, Gregory"]
[Black "Waitzkin, Joshua"]
[Result "1-0"]
[WhiteElo "2386"]
[BlackElo "2467"]

1.e4 c5 2.Nf3 e6 3.d4 cxd4 4.Nxd4 a6 5.Nc3 b5 6.Bd3 Qb6 7.Nb3 Qc7 8.O-O Bb7
9.Be3 Nf6 10.a3 Be7 11.f4 d6 12.Qe2 Nbd7 13.Rad1 O-O 14.Kh1 Rac8 15.Bg1 e5
16.fxe5 dxe5 17.a4 b4 18.Nb1 a5 19.N1d2 Bc6 20.Ra1 Ra8 21.Nc4 Rfc8 22.Nbd2 Bc5
23.b3 Bxg1 24.Kxg1 Nc5 25.Qe3 Nfd7 26.Qg3 Nxd3 27.cxd3 Re8 28.Ne3 Qd6 29.Qxg7+ Kxg7
30.Nf5+ Kg8 31.Nxd6 Rf8 32.Rac1 Ra6 33.Nf5 Kh8 34.Rc2 Nb8 35.Nc4 f6 36.Rcf2 Be8
37.Rc1 Bg6 38.Ncd6 Ra7 39.Rfc2 Bxf5 40.Nxf5 Rd7 41.Rc8 Rdd8 42.Rxd8 Rxd8
43.Rc7 Kg8 44.Kf2 Na6 45.Rc6 Ra8 46.Ne3 Kf7 47.g4 Ra7 48.Nd5 Kg7 49.Ke3 Nb8
50.Rxf6 Rd7 51.Re6 Rf7 52.Rxe5  1-0

[Event "Manhattan March Int"]
[Site "New York"]
[Date "1999.03.15"]
[Round "9"]
[White "Ady, Jonathan James"]
[Black "Burnett, Ronald"]
[Result "1/2-1/2"]
[WhiteElo "2412"]
[BlackElo "2420"]

1.e4 c5 2.Nf3 e6 3.d4 cxd4 4.Nxd4 a6 5.Nc3 Qc7 6.Be2 Nf6 7.O-O Nc6 8.Kh1 Be7
9.f4 d6 10.Be3 Nxd4 11.Qxd4 O-O 12.Rad1 e5 13.Qd3 h6 14.fxe5 dxe5 15.Nd5 Nxd5
16.exd5 Bd6 17.c4 b6 18.b4 Bxb4 19.d6 Qd7 20.Bxb6 Qc6 21.Bf3 Qxb6 22.Bxa8 Be6
23.Qe4 Bxd6 24.Bd5 Bb8 25.h3 g6 26.c5 Bxd5 27.Qxd5 Qc7 28.Rf6 Kg7 29.Rxa6 e4
30.Qd6 Qc8 31.Qf6+ Kh7 32.Rc6 Qe8 33.Rb6 e3 34.Re1 Bg3 35.Re2 Qd8 36.Qxd8 Rxd8
37.Rb1 Bf2 38.c6 Kg7 39.Kh2 Rc8 40.Rc2 h5 41.g3 h4 42.gxh4 Bxh4 43.Rb4 Be1
44.Rb1 Ba5 45.Kg2 e2 46.Rxe2 Rxc6 47.Rb7 Bb6 48.a4 g5 49.Ra2 Bd4 50.Kf3 Kg6
51.a5 Ra6 52.Ke4 Bg1 53.Kd5 f5 54.Rd7 f4 55.Rd6+ Rxd6+ 56.Kxd6 Kf5 57.a6 f3
58.a7 Bxa7 59.Rxa7 Kf4 60.Rf7+ Kg3 61.Ke5 f2 62.Rf5 Kg2 63.Kf6 Kxh3 64.Rxf2 g4
65.Kg5 g3 66.Rf3 Kh2 67.Kg4 g2 68.Rh3+ Kg1 69.Ra3 Kh1 70.Rh3+ Kg1 71.Ra3  1/2-1/2

[Event "Bled op"]
[Site "Bled"]
[Date "1999.03.21"]
[Round "2"]
[White "Jukic, Branimir"]
[Black "Sax, Gyula"]
[Result "0-1"]
[WhiteElo "2378"]
[BlackElo "2524"]

1.e4 c5 2.Nf3 e6 3.d4 cxd4 4.Nxd4 a6 5.Nc3 Qc7 6.Be2 Bb4 7.O-O Nf6 8.Qd3 Nc6
9.Nxc6 bxc6 10.f4 d5 11.e5 Nd7 12.Kh1 a5 13.Qg3 g6 14.Bd2 Ba6 15.Bxa6 Rxa6
16.Rae1 Nc5 17.f5 exf5 18.Rxf5 gxf5 19.Qg7 Rf8 20.e6 Ne4 21.Nxe4 dxe4 22.Bxb4 axb4
23.Rd1 Qe7 24.Rd7 Qxe6 25.Rb7 Qd6  0-1

[Event "Bled op"]
[Site "Bled"]
[Date "1999.03.23"]
[Round "4"]
[White "Demidenko, Sergey"]
[Black "Illijin, Neboisa"]
[Result "0-1"]
[WhiteElo "2223"]
[BlackElo "2252"]

1.e4 c5 2.Nf3 e6 3.d4 cxd4 4.Nxd4 a6 5.Nc3 b5 6.Bd3 Qb6 7.Nb3 Qc7 8.a3 Nf6
9.O-O Bb7 10.f4 d6 11.Qe2 Nbd7 12.Bd2 Be7 13.Rae1 e5 14.g4 exf4 15.g5 f3
16.Rxf3 Ng4 17.Nd5 Bxd5 18.exd5 Nde5 19.Rg3 Qa7+ 20.Kg2 Nxd3 21.cxd3 Ne5
22.Bc3 Ng6 23.Kh1 O-O 24.Nd4 Qd7 25.Nc6 Bd8 26.Bd4 Bc7 27.Ne7+ Nxe7 28.Qxe7 Qxe7
29.Rxe7 Ba5 30.b4 Bd8 31.Rd7 Rc8 32.Ra7 Rc1+ 33.Kg2 Rc2+ 34.Kh3 Rd2 35.Rxa6 Bxg5
36.Bxg7 Kxg7 37.Rxg5+ Kf6 38.Rg3 Ke5 39.Rb6 f5 40.Rxb5 f4 41.Rf3 Rf6 42.Rf1 Rf5  0-1

[Event "MI Festival GM"]
[Site "Bucharest"]
[Date "1999.03.23"]
[Round "4"]
[White "Moraru, Marius"]
[Black "Ionescu, Constantin"]
[Result "0-1"]
[WhiteElo "2408"]
[BlackElo "2482"]

1.e4 c5 2.Nf3 e6 3.d4 cxd4 4.Nxd4 a6 5.Nc3 b5 6.Be3 Bb7 7.Bd3 Qc7 8.O-O Nf6
9.a3 d6 10.f3 Nbd7 11.Qe1 d5 12.exd5 Nxd5 13.Nxd5 Bxd5 14.Kh1 Be7 15.Ne2 O-O
16.Nf4 Bb7 17.Qg3 Rac8 18.Qh3 Nf6 19.Rae1 e5 20.Ne2 g6 21.Ng3 Rfe8 22.Bg5 Nd5
23.Ne4 f5 24.Bxe7 Qxe7 25.Nf2 Nf4 26.Qg3 Qf6 27.c3 Bd5  0-1

[Event "Julian Borowski GM"]
[Site "Essen"]
[Date "1999.03.28"]
[Round "2"]
[White "Sutovskij, Emil"]
[Black "Podzielny, Karl Heinz"]
[Result "1-0"]
[WhiteElo "2612"]
[BlackElo "2499"]

1.e4 c5 2.Nf3 e6 3.Nc3 a6 4.d4 cxd4 5.Nxd4 Qc7 6.g3 Bb4 7.Bd2 Nc6 8.Nb3 Nf6
9.Bg2 Be7 10.f4 d6 11.g4 h6 12.h4 b5 13.g5 Nd7 14.Qe2 b4 15.Na4 a5 16.Be3 Ba6
17.Qf2 Rb8 18.Bf1 Qb7 19.Bxa6 Qxa6 20.Qe2 Qxe2+ 21.Kxe2 h5 22.Rac1 O-O 23.c4 bxc3
24.Rxc3 Rb4 25.Rxc6 Rxa4 26.Rc7 Rd8 27.Nd4 Kf8 28.Nc6 Ke8 29.Nxd8 Bxd8 30.Rc8 Rxe4
31.Kf3 Rb4 32.Rd1 Ke7 33.Bd4 Bb6 34.Bxb6 Rxb6 35.Rd2 d5 36.Ra8 Rb5 37.Ra7 Kd6
38.b3 e5 39.Ra6+ Ke7 40.fxe5 Nxe5+ 41.Kf4 Ng6+ 42.Kg3 Rc5 43.Re2+ Kd7 44.Ra7+ Kd6
45.Rxf7 Ne5 46.Rxg7 Rc3+ 47.Kg2 Nf3 48.Rf7  1-0

[Event "Rheinhessen-ch HT1 op"]
[Site "Woerrstadt"]
[Date "1999.03.28"]
[Round "3"]
[White "Widiger, Igor"]
[Black "Noll, Paul"]
[Result "0-1"]
[WhiteElo "1285"]
[BlackElo "2020"]

1.e4 c5 2.Nf3 e6 3.d4 cxd4 4.Nxd4 a6 5.Nc3 Qc7 6.Be2 Nf6 7.O-O b5 8.a3 Bb7
9.f3 Nc6 10.Nxc6 Bxc6 11.Be3 Bd6 12.h3 Nh5 13.Qd2 Bh2+ 14.Kh1 Ng3+  0-1

[Event "Mar del Plata op 30th"]
[Site "Mar del Plata"]
[Date "1999.03.29"]
[Round "3"]
[White "Felgaer, Ruben"]
[Black "Braga, Fernando"]
[Result "0-1"]
[WhiteElo "2364"]
[BlackElo "2461"]

1.e4 c5 2.Nf3 e6 3.d4 cxd4 4.Nxd4 a6 5.Nc3 b5 6.g3 Bb7 7.Bg2 Be7 8.O-O Qc7
9.Re1 d6 10.Qg4 Nd7 11.e5 dxe5 12.Ndxb5 axb5 13.Nxb5 Qa5 14.Bxb7 Qxe1+ 15.Kg2 Rb8
16.Qxg7 Rxb7 17.Qxh8 Qe4+ 18.Kg1 Qg6 19.a4 Bf6 20.Nd6+ Ke7 21.Nxb7 Bxh8 22.a5 Nb8
23.b4 e4 24.a6 Nxa6 25.Rxa6 Bd4 26.Rd6 e3 27.Rxd4 e2 28.Bd2 Qxc2  0-1

[Event "DEN-chB"]
[Site "Aarhus"]
[Date "1999.03.30"]
[Round "1"]
[White "Brinck Claussen, Bjorn"]
[Black "Jakobsen, Lars Veno"]
[Result "1-0"]
[WhiteElo "2330"]
[BlackElo "2353"]

1.e4 c5 2.Nf3 e6 3.d4 cxd4 4.Nxd4 a6 5.Nc3 Qc7 6.g3 Bb4 7.Ne2 Be7 8.Bg2 Nf6
9.O-O Nc6 10.Nf4 O-O 11.g4 d6 12.g5 Nd7 13.Nd3 Re8 14.f4 b5 15.f5 Nce5 16.Kh1 Bf8
17.a3 Rb8 18.h4 Bb7 19.f6 Nxd3 20.cxd3 Rbc8 21.d4 Qb6 22.h5 Red8 23.Be3 b4
24.axb4 Qxb4 25.Rf2 d5 26.exd5 exd5 27.Qf3 g6 28.hxg6 fxg6 29.Bh3 Qb6 30.Rh2 Kh8
31.Rf1 Rc7 32.Bf4 Bd6 33.Na4 Qc6 34.Bxd6 Qxd6 35.Bxd7 Rcxd7 36.Nc5 Rf7 37.Nd3 Re8
38.Nf4 Ref8 39.Re1 Bc8 40.Kg1 Qb6 41.Qxd5 Qc7 42.Qe5 Bf5 43.Nd5 Qa7 44.Rxh7+  1-0

[Event "MI Festival"]
[Site "Bucharest"]
[Date "1999.03.30"]
[Round "11"]
[White "Florescu, Codrut"]
[Black "Velcheva, Maria"]
[Result "0-1"]
[WhiteElo "2312"]
[BlackElo "2283"]

1.e4 c5 2.Nf3 e6 3.d4 cxd4 4.Nxd4 a6 5.Nc3 Qc7 6.Bd3 Nc6 7.Be3 Nf6 8.O-O Ne5
9.Qe2 Bc5 10.h3 d6 11.f4 Ng6 12.Kh1 O-O 13.Rae1 b5 14.Nb3 Bxe3 15.Qxe3 Bb7
16.e5 dxe5 17.fxe5 Nd7 18.Bxg6 hxg6 19.Nd4 Rad8 20.Qf4 Qc4 21.Rd1 f6 22.Qg4 Nxe5
23.Qxe6+ Rf7 24.Qb6 Qc8 25.Kg1 Nc4 26.Qe6 Qc5 27.Ne2 Nxb2  0-1

[Event "Swidnica"]
[Site "Swidnica"]
[Date "1999.04.01"]
[Round "9"]
[White "Zezulkin, Jurij"]
[Black "Jaracz, Pawel"]
[Result "0-1"]
[WhiteElo "2473"]
[BlackElo "2439"]

1.e4 c5 2.Nf3 e6 3.d4 cxd4 4.Nxd4 a6 5.Nc3 Qc7 6.Be2 b5 7.O-O Bb7 8.Re1 Nc6
9.Nxc6 dxc6 10.e5 Rd8 11.Bd3 Ne7 12.Bf4 Ng6 13.Bg3 Bb4 14.Ne4 Bxe1 15.Nd6+ Rxd6
16.exd6 Bxf2+ 17.Kxf2 Qb6+ 18.Kf1 O-O 19.Be4 c5 20.Bxg6 hxg6 21.Qd2 Bd5 22.a3 f6
23.Re1 Rd8 24.Rd1 Kf7 25.h3 Rd7 26.Qf4 e5 27.Qf2 Rxd6 28.Bxe5 Bxg2+  0-1

[Event "MI Festival GM"]
[Site "Bucharest"]
[Date "1999.04.02"]
[Round "13"]
[White "Brajovic, Radovan"]
[Black "Ionescu, Constantin"]
[Result "1/2-1/2"]
[WhiteElo "2364"]
[BlackElo "2482"]

1.e4 c5 2.Nf3 e6 3.Nc3 a6 4.d4 cxd4 5.Nxd4 b5 6.Bd3 Bb7 7.O-O Nc6 8.Nxc6 Bxc6
9.Qe2 Qb8 10.a4 b4 11.Nd5 Bd6 12.h3 a5 13.Be3 Bxd5 14.exd5 Nf6 15.dxe6 fxe6
16.Rad1 O-O 17.Rfe1 Rf7 18.Bd4 Qc7 19.Be5 Bxe5 20.Qxe5 Qxe5 21.Rxe5 Rff8
22.f4 g6 23.g4 Ra7 24.f5 gxf5 25.gxf5 exf5 26.Rxf5 d5 27.Rdf1 Kg7 28.R1f3 Re7
29.Kf2 Rff7 30.Re3 Ne4+ 31.Bxe4 dxe4 32.Rxf7+ Rxf7+ 33.Kg3 Rc7 34.Re2 Kf6
35.Kf4 Rc4 36.Rh2 b3 37.cxb3 Rb4 38.Rc2 e3+ 39.Kxe3 Rxb3+ 40.Rc3 Rxb2 41.Rc5  1/2-1/2

[Event "Dreifluesse op 7th"]
[Site "Passau"]
[Date "1999.04.02"]
[Round "1"]
[White "Bensch, Patrick"]
[Black "Rieh, Christian"]
[Result "1-0"]
[WhiteElo "2255"]
[BlackElo "1824"]

1.e4 c5 2.Nf3 e6 3.d4 cxd4 4.Nxd4 a6 5.Nc3 Qc7 6.Be2 Nf6 7.Be3 Be7 8.O-O O-O
9.f4 d6 10.Kh1 e5 11.Nf5 Bxf5 12.exf5 Rd8 13.Bf3 Nc6 14.Nd5 Nxd5 15.Bxd5 Rac8
16.c3 Bf6 17.Qh5 Qe7 18.g4 exf4 19.Bxf4 Re8 20.g5 Be5 21.g6  1-0

[Event "Kraft Chess Cup"]
[Site "Skelleftea"]
[Date "1999.04.02"]
[Round "2.2"]
[White "Hector, Jonny"]
[Black "Agrest, Evgenij"]
[Result "1/2-1/2"]
[WhiteElo "2542"]
[BlackElo "2533"]

1.e4 c5 2.Nf3 e6 3.d4 cxd4 4.Nxd4 a6 5.Nc3 Qc7 6.Bd3 Nf6 7.f4 b5 8.a3 Bb7
9.Qe2 Nc6 10.Nf3 b4 11.axb4 Nxb4 12.O-O Be7 13.Kh1 O-O 14.Bd2 Rab8 15.Ng5 Nxd3
16.cxd3 h6 17.Nf3 Bc6 18.Bc1 Qb6 19.Ne5 d6 20.Nc4 Qb7 21.e5 dxe5 22.fxe5 Nh7
23.Be3 Kh8 24.Na5 Qd7 25.Nxc6 Qxc6 26.d4 Ra8 27.Qg4 f6 28.Rfc1 f5 29.Qg6 Qd7
30.Rd1 f4 31.Bf2 Rf5 32.Qg4 Qb7 33.d5 Rxe5 34.Bd4 Nf6 35.Qh3 Rf5 36.dxe6 Rg5
37.Ne2 Qe4 38.Qf3 Qxf3 39.gxf3 Rf5 40.Rac1 Re8 41.Rc6 a5 42.Bc3 Nd5 43.Bd4 Kg8
44.Rdc1 Bb4 45.Ra6 Re7 46.Bc5 Bxc5 47.Rxc5 Re5 48.Ng1 Nc7 49.Rxe5 Nxa6 50.Ne2 Nc7
51.Nd4 a4 52.Kg2 g6 53.Kh3 Re8 54.Kg4 Rd8 55.Rc5 Rxd4 56.Rxc7 Kf8 57.h4 Rd6
58.Rf7+ Ke8 59.Rf6 Ke7 60.Rxg6 Rd2 61.Kf5 Rd5+ 62.Kxf4 Rb5 63.Rxh6 Rxb2 64.Rh7+ Kxe6
65.Ra7 Ra2 66.Ra6+ Kf7 67.Kf5 Kg7 68.f4 a3 69.Rg6+ Kh7 70.Rg3 Kh6 71.Kf6 Rf2
72.f5 a2 73.Ra3 Rb2  1/2-1/2

[Event "Redbus KO"]
[Site "Southend"]
[Date "1999.04.02"]
[Round "1.2"]
[White "Pein, Malcolm"]
[Black "King, Daniel J"]
[Result "1-0"]
[WhiteElo "2425"]
[BlackElo "2506"]

1.d4 e6 2.Nf3 c5 3.e4 cxd4 4.Nxd4 a6 5.Nc3 Qc7 6.Be2 b5 7.O-O Bb7 8.Bf3 d6
9.Re1 Nd7 10.Bh5 g6 11.Bg4 b4 12.Nd5 exd5 13.exd5+ Be7 14.Bxd7+ Qxd7 15.Qf3 O-O-O
16.Nc6 Bxc6 17.dxc6 Qf5 18.Qb3 Qb5 19.Qxf7 Qxc6 20.a3 Rf8 21.Qe6+ Kb8 22.axb4 Bd8
23.Qe2 Kb7 24.c4 Bb6 25.Rxa6 Nf6 26.Be3 Nd7 27.b5 Qe4 28.Bxb6 Qxe2 29.Rxe2 Ne5
30.Bd4 Re8 31.Bxe5 dxe5 32.c5 Rd8 33.f3  1-0

[Event "Rheinhessen-ch HT1 op"]
[Site "Woerrstadt"]
[Date "1999.04.02"]
[Round "5"]
[White "Schwehm, Christian"]
[Black "Noll, Paul"]
[Result "0-1"]
[WhiteElo "1712"]
[BlackElo "2020"]

1.e4 c5 2.Nf3 e6 3.d4 cxd4 4.Nxd4 a6 5.Nc3 Qc7 6.Bd3 Nf6 7.O-O d6 8.h3 g6
9.Bg5 Bg7 10.Qf3 Nbd7 11.Qe3 h6 12.Bh4 O-O 13.f4 Qb6 14.Bxf6 Bxf6 15.e5 dxe5
16.fxe5 Bxe5 17.Nce2 Bc7 18.c3 Ne5 19.Be4 Nc4 20.Qc1  0-1

[Event "DEN-chB"]
[Site "Aarhus"]
[Date "1999.04.03"]
[Round "5"]
[White "Brinck Claussen, Bjorn"]
[Black "Aagaard, Jacob"]
[Result "0-1"]
[WhiteElo "2330"]
[BlackElo "2399"]

1.e4 c5 2.Nf3 e6 3.d4 cxd4 4.Nxd4 a6 5.Nc3 Qc7 6.g3 Bb4 7.Ne2 Be7 8.Bg2 Nf6
9.O-O d6 10.a4 Nc6 11.b3 b6 12.Bb2 Bb7 13.Nf4 Rc8 14.Re1 O-O 15.g4 d5 16.e5 Nd7
17.Ncxd5 exd5 18.Nxd5 Qd8 19.g5 Bxg5 20.Qg4 Ncxe5 21.Bxe5 Bxd5 22.Bxg7 Kxg7
23.Bxd5 Kh8 24.Bg2 Rg8 25.Rad1 Bh4 26.Qxd7 Bxf2+  0-1

[Event "Redbus KO"]
[Site "Southend"]
[Date "1999.04.03"]
[Round "2.1"]
[White "Lalic, Bogdan"]
[Black "Rowson, Jonathan"]
[Result "1/2-1/2"]
[WhiteElo "2549"]
[BlackElo "2494"]

1.e4 c5 2.Nf3 e6 3.d4 cxd4 4.Nxd4 a6 5.Nc3 Qc7 6.Be2 Nf6 7.O-O Bb4 8.Qd3 Nc6
9.Kh1 Nxd4 10.Qxd4 Bc5 11.Qd3 b5 12.f4 Bb7 13.e5 Nd5 14.Nxd5 Bxd5 15.a4 b4
16.Bd2 O-O 17.c4 bxc3 18.Bxc3 Rfb8 19.f5 Rb3 20.Bd1 Qc6 21.Qh3 Rb7 22.f6 g6
23.Bf3 Bxf3 24.Rxf3 d5 25.exd6 Bxd6 26.Rd3 Bf8 27.Qf3 Qxf3 28.gxf3 h5 29.Rad1 Bb4
30.Be5 Kh7 31.f4 Rc8 32.Rd8 Rxd8 33.Rxd8 h4 34.Kg2 g5 35.Kh3 gxf4 36.Kxh4 Ba5
37.Rd3 Kg6 38.Kg4 Rb4 39.b3 Re4 40.Bd6 Kxf6 41.h4 Re3 42.Rxe3 fxe3 43.Kf3 Bb6
44.b4 Kg6 45.a5 Bd8 46.Bc5 Bc7 47.Bb6 Bd6 48.Bc5 Bc7 49.Kxe3 f5 50.Kd4 Kh5
51.Bb6 Bg3 52.Kc4 Be1 53.b5 axb5+ 54.Kxb5 Bxa5 55.Bxa5 Kxh4  1/2-1/2

[Event "Neckar op 3rd"]
[Site "Deizisau"]
[Date "1999.04.04"]
[Round "7"]
[White "Namyslo, Holger"]
[Black "Jurkic, Bosiljiko"]
[Result "1-0"]
[WhiteElo "2229"]
[BlackElo "2022"]

1.e4 c5 2.Nf3 e6 3.d4 cxd4 4.Nxd4 a6 5.Nc3 Qc7 6.Be2 Bb4 7.Qd3 Nf6 8.O-O O-O
9.Bd2 Nc6 10.Nxc6 bxc6 11.Bg5 Be7 12.f4 h6 13.Bh4 d5 14.e5 Bc5+ 15.Kh1 Nd7
16.Qg3 Kh8 17.Bd3 Bd4 18.Qh3 c5 19.Bg5 Re8 20.Bxh6 g6 21.Bg5+ Kg8 22.Qh6 f6
23.Qxg6+ Kf8  1-0

[Event "Kraft Chess Cup"]
[Site "Skelleftea"]
[Date "1999.04.04"]
[Round "3.2"]
[White "Hector, Jonny"]
[Black "Akesson, Ralf"]
[Result "1-0"]
[WhiteElo "2542"]
[BlackElo "2530"]

1.e4 c5 2.Nf3 e6 3.d4 cxd4 4.Nxd4 a6 5.Nc3 d6 6.Bd3 Nd7 7.O-O Ngf6 8.Re1 Be7
9.a4 O-O 10.a5 Nc5 11.Bf1 Qc7 12.Qf3 Re8 13.g4 b5 14.g5 Nfd7 15.b4 Ne5 16.Qg3 Ncd7
17.f4 Nc6 18.Nxc6 Qxc6 19.Ne2 Bf8 20.Ra3 e5 21.Qh4 exf4 22.Rh3 h6 23.gxh6 Ne5
24.hxg7 Bxg7 25.Qh7+ Kf8 26.Rc3 Qd7 27.Nxf4 Ng4 28.Ng6+ fxg6 29.Rf3+ Nf6
30.Bh6 Qf7 31.Qxg7+ Qxg7 32.Rxf6+ Kg8 33.Bxg7 Kxg7 34.Rxd6 Re5 35.Bd3 Be6
36.Kf2 Kf6 37.Ke3 Rh5 38.Be2 Rxh2 39.Bg4 Re8 40.Rxa6 Rxc2 41.e5+ Kf7 42.Bxe6+ Rxe6
43.Rf1+ Ke7 44.Ra7+  1-0

[Event "Budapest FS04 GM"]
[Site "Budapest"]
[Date "1999.04.05"]
[Round "3"]
[White "Balinov, Ilija"]
[Black "Hoffmann, Michael"]
[Result "1-0"]
[WhiteElo "2434"]
[BlackElo "2407"]

1.e4 c5 2.Nf3 e6 3.d4 cxd4 4.Nxd4 a6 5.Nc3 b5 6.Bd3 Qb6 7.Be3 Bc5 8.Be2 Nc6
9.Nxc6 dxc6 10.Bxc5 Qxc5 11.Qd3 Nf6 12.O-O-O O-O 13.f4 e5 14.f5 Ra7 15.g4 Rd7
16.Qf3 Rfd8 17.g5 Rxd1+ 18.Nxd1 Ne8 19.Nf2 Qe7 20.Rg1 c5 21.Qe3 c4 22.c3 Bb7
23.f6 Qc7 24.fxg7 Nxg7 25.Ng4 Ne6 26.Nf6+ Kf8 27.Nxh7+ Ke7 28.g6 Rg8 29.Qf2 Nf4
30.Qh4+ Kd6 31.Rd1+ Kc5 32.Qf2+ Kc6 33.Nf6 Rxg6 34.Nd5 Nxd5 35.exd5+ Kd6
36.Bh5 Rh6 37.Bxf7 Qe7 38.Qb6+  1-0

[Event "Baden Casino op"]
[Site "Baden"]
[Date "1999.04.07"]
[Round "6"]
[White "Drabke, Lorenz"]
[Black "Illijin, Neboisa"]
[Result "0-1"]
[WhiteElo "2081"]
[BlackElo "2252"]

1.e4 c5 2.Nf3 e6 3.d4 cxd4 4.Nxd4 a6 5.Nc3 b5 6.g3 Bb7 7.Bg2 Nf6 8.O-O b4
9.e5 Bxg2 10.Kxg2 bxc3 11.exf6 Qxf6 12.b3 Be7 13.Qd3 O-O 14.Qxc3 d5 15.Bb2 e5
16.Nf3 d4 17.Qd2 Rd8 18.c3 d3 19.c4 Nc6 20.Rfe1 Bb4 21.Bc3 e4 22.Bxb4 exf3+
23.Kg1 Nd4 24.Ba5  0-1

[Event "Baden Casino op"]
[Site "Baden"]
[Date "1999.04.07"]
[Round "6"]
[White "Moor, Roger"]
[Black "Romanishin, Oleg M"]
[Result "0-1"]
[WhiteElo "2324"]
[BlackElo "2572"]

1.e4 c5 2.Nf3 e6 3.d4 cxd4 4.Nxd4 a6 5.Nc3 Nc6 6.Be2 Nge7 7.Nb3 Ng6 8.a4 b6
9.O-O Be7 10.f4 O-O 11.Kh1 Rb8 12.Be3 Qc7 13.Bd3 Nb4 14.Qh5 Nxd3 15.cxd3 f5
16.Rac1 Qd6 17.Nd4 Bb7 18.exf5 exf5 19.Nxf5 Rxf5 20.Qxf5 Nh4 21.Qe5 Qxe5
22.fxe5 Nxg2  0-1

[Event "St Petersburg-ch"]
[Site "St Petersburg"]
[Date "1999.04.11"]
[Round "6"]
[White "Rusanov, Michail"]
[Black "Kochyev, Alexander"]
[Result "1/2-1/2"]
[WhiteElo "2448"]
[BlackElo "2428"]

1.e4 c5 2.Nf3 e6 3.d4 cxd4 4.Nxd4 a6 5.Nc3 Qc7 6.g3 Bb4 7.Bd2 Nf6 8.Bg2 Nc6
9.Nxc6 bxc6 10.O-O Be7 11.Re1 e5 12.Na4 O-O 13.c4 d6 14.b4 Be6 15.Qe2 Nd7
16.Be3 Rfb8 17.Rab1 c5 18.bxc5 Nxc5 19.Bxc5 dxc5 20.Nc3 Rb4 21.Nd5 Bxd5 22.exd5 Bd6
23.a3 Rxb1 24.Rxb1 g6 25.g4 Rb8 26.Rxb8+ Qxb8 27.Qc2 Qd8 28.Qa4 Qg5 29.Qxa6 Qc1+
30.Bf1 Qf4 31.Qxd6 Qxg4+  1/2-1/2

[Event "ROM-chT"]
[Site "Sovata"]
[Date "1999.04.17"]
[Round "2"]
[White "Ghinda, Mihail Viorel"]
[Black "Petre, Nad Titus"]
[Result "1-0"]
[WhiteElo "2469"]
[BlackElo "2218"]

1.e4 c5 2.Nc3 e6 3.Nf3 a6 4.d4 cxd4 5.Nxd4 b5 6.Bd3 Qb6 7.Nf3 Bb7 8.a4 Qa5
9.O-O b4 10.Nb1 d5 11.e5 Nd7 12.Nbd2 Nc5 13.Nd4 Qc7 14.Re1 Ne7 15.Qh5 g6
16.Qh4 Bg7 17.N2b3 h6 18.Nxc5 Qxc5 19.Nf3 Nc6 20.Be3 Qe7 21.Qg3 Kd7 22.a5 g5
23.c3 g4 24.Qxg4 Nxe5 25.Nxe5+ Bxe5 26.Qh5 f6 27.Bd4 Bxd4 28.cxd4 Rag8 29.f4 Qg7
30.g3 f5 31.Re5 Qg6 32.Qe2 Ra8 33.Re1 Rhe8 34.Qd2 Bc6 35.Qxb4 Rab8 36.Qc3 Bb5
37.Bxf5  1-0

[Event "BL2-W9899"]
[Site "Germany"]
[Date "1999.04.18"]
[Round "9.1"]
[White "Reinderman, Dimitri"]
[Black "Balashov, Yuri S"]
[Result "1/2-1/2"]
[WhiteElo "2542"]
[BlackElo "2578"]

1.e4 c5 2.Nf3 e6 3.Nc3 a6 4.d4 cxd4 5.Nxd4 Qc7 6.Be2 b5 7.f4 Bb7 8.Bf3 Nc6
9.Nxc6 Bxc6 10.O-O Bc5+ 11.Kh1 b4 12.Ne2 Nf6 13.Qd3 Bb5 14.c4 bxc3 15.Qxc3 O-O
16.e5 Nd5 17.Bxd5 exd5 18.Re1 Qb6 19.Ng3 Bf2 20.Rd1 Rac8 21.Qf3 Rc2 22.b3 Bxg3
23.Qxg3 Rfc8 24.Be3 Qe6 25.Rdc1 Rxc1+ 26.Rxc1 Rxc1+ 27.Bxc1 d4 28.Kg1 Qc6
29.Qe1 Qc2 30.Qd2 Qe4 31.Bb2 d3 32.Ba3 Qd4+ 33.Kf1 h6 34.Bc1 Kh7 35.a4 Bc6
36.Bb2 Qd5 37.Bc3 Qe4 38.a5 Kg6 39.Qf2 Kh7 40.Bd2 Qd5 41.b4 Qe4 42.Kg1 Qd5  1/2-1/2

[Event "Golden Cleopatra op 3rd"]
[Site "Cairo"]
[Date "1999.04.19"]
[Round "9"]
[White "Ahmed, Esam Aly"]
[Black "Volzhin, Alexander"]
[Result "1/2-1/2"]
[WhiteElo "2337"]
[BlackElo "2548"]

1.e4 c5 2.Nf3 e6 3.d4 cxd4 4.Nxd4 a6 5.Nc3 b5 6.Be2 Bb7 7.Bf3 Qc7 8.O-O Nc6
9.Nxc6 dxc6 10.Qe2 Bd6 11.g3 Nf6 12.Re1 Be5 13.Nd1 O-O 14.c3 c5 15.Bg2 Nd7
16.Be3 Bd6 17.f3 c4 18.Nf2 Rad8 19.Rad1 Bc5 20.Bxc5 Nxc5 21.Rxd8 Rxd8 22.Rd1 e5
23.Rxd8+ Qxd8 24.Qd1 Qc7 25.Bh3 a5 26.Qd2 h6 27.Nd1 Kf8 28.Ne3 Bc6 29.Bf1 Qd7
30.Qxd7 Bxd7 31.Kf2 Ke7 32.Ke1 Kd6 33.Kd2 Be6 34.Kc2 g6 35.g4 Nb7 36.a4 Kc5
37.axb5 Kxb5 38.h4 Nd6 39.Be2 Kc5 40.Kd2 Ne8 41.Bd1 Nd6  1/2-1/2

[Event "ISR-chT"]
[Site "Israel"]
[Date "1999.05.07"]
[Round "10"]
[White "Kogan, Boris"]
[Black "Gofshtein, Leonid D"]
[Result "0-1"]
[WhiteElo "2445"]
[BlackElo "2517"]

1.e4 c5 2.Nf3 e6 3.d4 cxd4 4.Nxd4 a6 5.Nc3 b5 6.Bd3 Qb6 7.Nb3 Qc7 8.O-O b4
9.Nb1 Nf6 10.a3 Nc6 11.f4 Bb7 12.Be3 bxa3 13.bxa3 Be7 14.c4 Na5 15.Nxa5 Qxa5
16.Nd2 d6 17.Qb3 Qc7 18.Rab1 Bc6 19.Bb6 Qc8 20.Qc3 O-O 21.e5 dxe5 22.fxe5 Nd7
23.Be3 Nc5 24.Bc2 Rd8 25.Qa5 Bb7 26.Kh1 Rb8 27.Rb6 Qc7 28.Rfb1 Qxe5 29.Bxc5 Bxg2+
30.Kxg2 Qe2+ 31.Bf2 Rxb6 32.Rxb6 Bh4 33.Bxh7+ Kxh7 34.Kh3 Bxf2 35.Rxe6 Qxe6+  0-1

[Event "Dubai op"]
[Site "Dubai"]
[Date "1999.05.08"]
[Round "8"]
[White "Hamdouchi, Hichem"]
[Black "Miezis, Normunds"]
[Result "1-0"]
[WhiteElo "2564"]
[BlackElo "2525"]

1.e4 c5 2.Nf3 e6 3.d4 cxd4 4.Nxd4 a6 5.Nc3 Qc7 6.Be2 b5 7.O-O Bb7 8.Re1 Nc6
9.Nxc6 dxc6 10.e5 b4 11.Na4 Rd8 12.Bd3 c5 13.Qh5 g6 14.Qh3 c4 15.Bf1 Bc6
16.b3 Bxa4 17.bxa4 Bc5 18.a3 Bd4 19.Bg5 Ne7 20.Rad1 a5 21.axb4 axb4 22.Bf6 Rg8
23.Qxh7 Qc5 24.Kh1 Rf8 25.Qh4 Nf5 26.Qf4 g5 27.Qxg5 Rd5 28.g4 Bxf2 29.gxf5 Bxe1
30.Rxe1 Kd7 31.Bg2 c3 32.fxe6+ fxe6 33.Qg7+ Kc6 34.Qg4 Kb6 35.Bxd5 Qxd5+
36.Qe4 Qc5 37.h4 Ka5 38.Qb7 Rg8 39.Be7 Rb8 40.Bxc5 Rxb7 41.Kg2 b3 42.cxb3 Rxb3
43.Be3 Kxa4 44.h5 c2 45.Bc1 Rb7 46.h6 Kb3 47.Kf3 Rd7 48.Rh1 Rh7 49.Kg4  1-0

[Event "IND-ROW m"]
[Site "Bali"]
[Date "1999.05.09"]
[Round "8"]
[White "Van den Doel, Erik"]
[Black "Juswanto, Denny"]
[Result "0-1"]
[WhiteElo "2535"]
[BlackElo "2465"]

1.e4 c5 2.Nf3 e6 3.Nc3 a6 4.d4 cxd4 5.Nxd4 b5 6.Bd3 Bb7 7.O-O Qc7 8.Re1 Nf6
9.Bg5 Bd6 10.Bxf6 gxf6 11.h3 Be5 12.Bf1 Nc6 13.Nf3 O-O 14.Nxe5 fxe5 15.a4 b4
16.Ne2 Ne7 17.Ng3 Ng6 18.Qd2 a5 19.Rad1 d5 20.Bd3 d4 21.Qh6 f6 22.Ne2 Rac8
23.b3 Kh8 24.Kh1 Rf7 25.h4 Rg8 26.Rg1 Qe7 27.h5 Nh4 28.Ng3 f5 29.exf5 Nxf5
30.Nxf5 Rxf5  0-1